Statistics for All Mario Kart Tracks

Click here to take the quiz!

General Stats

  • This quiz has been taken 925 times
    (924 since last reset)
  • The average score is 58 of 120

Answer Stats

Answer% Correct
Rainbow Road
93%
Bowser Castle
86%
Bowser's Castle
86%
Mario Circuit
85%
Bowser's Castle
81%
Luigi Circuit
79%
Bowser Castle 2
78%
Bowser Castle 4
77%
Bowser Castle 3
77%
Mario Circuit 2
77%
Mario Circuit 4
76%
Mario Circuit 1
76%
Bowser Castle 1
76%
Mario Circuit 3
76%
Wario Stadium
58%
Coconut Mall
58%
Toad's Factory
57%
Mushroom Gorge
56%
Waluigi Stadium
54%
Moo Moo Meadows
54%
Wario's Gold Mine
54%
Daisy Circuit
53%
DK Mountain
52%
Yoshi Falls
49%
Peach Beach
49%
Koopa Cape
49%
Maple Treeway
48%
Waluigi Pinball
47%
Yoshi Circuit
47%
DK Jungle
46%
Grumble Volcano
45%
Mario Raceway
44%
Peach Circuit
44%
Moonview Highway
44%
Luigi's Mansion
44%
Donut Plains 3
43%
Donut Plains 1
43%
Donut Plains 2
43%
DK Summit
42%
Koopa Troopa Beach
42%
Sherbet Land
42%
Baby Park
42%
Ghost Valley 1
41%
Moo Moo Farm
41%
Ghost Valley 3
41%
Dry Dry Desert
41%
Ghost Valley 2
41%
Toad Circuit
40%
Toad's Turnpike
40%
Choco Mountain
39%
Peach Gardens
39%
Mushroom Bridge
38%
Dry Dry Ruins
38%
Luigi Raceway
38%
Cheep Cheep Beach
37%
Shy Guy Beach
36%
Daisy Cruiser
36%
Royal Raceway
36%
Koopa Beach 2
35%
Delfino Square
35%
Koopa Beach 1
35%
DK's Jungle Parkway
34%
Yoshi Valley
34%
Ribbon Road
33%
Tick-Tock Clock
33%
Dino Dino Jungle
33%
Figure-8 Circuit
33%
Vanilla Lake 1
32%
Vanilla Lake 2
32%
Mushroom City
32%
Choco Island 2
32%
Banshee Boardwalk
32%
Cheese Land
31%
DK Pass
31%
Choco Island 1
31%
Airship Fortress
29%
Frappe Snowland
29%
Desert Hills
28%
Kalimari Desert
27%
Maka Wuhu
26%
Music Park
26%
Wuhu Loop
25%
Shy Guy Bazaar
25%
Rosalina's Ice World
25%
Shroom Ridge
25%
Sky Garden
23%
Neo Bowser City
23%
Daisy Hills
23%
Wario Shipyard
22%
Boo Lake
21%
Piranha Plant Slide
21%
Rock Rock Mountain
20%
Yoshi Desert
19%
Riverside Park
19%
Cheep Cheep Lagoon
19%
Lakeside Park
18%
Snow Land
18%
Sunset Wilds
18%
Broken Pier
17%
Cheep-Cheep Island
15%
Wario Colisseum
10%

Score Distribution

Percentile by Number Answered

Percent of People with Each Score

Your Score History

You have not taken this quiz since the last reset